| 000 | 00478nam a22001811a 4500 | ||
|---|---|---|---|
| 001 | 1225 | ||
| 003 | OSt | ||
| 005 | 20260204211726.0 | ||
| 008 | 040117s1994||||Mad||||||b||||||||||X || | ||
| 082 | _a004.2 M581 p | ||
| 245 | _aMicrosoft Windows 3.1: Herramienta de programación / Trad. Ingacio Martín | ||
| 264 | _aMadrid: McGraw-Hill | ||
| 300 | _a239 p. | ||
| 500 | _aIncluye indice. | ||
| 650 | _aProgramación | ||
| 700 | _aIngnacio Martín FlorenteÌ | ||
| 942 |
_2ddc _cBK |
||
| 999 |
_c1225 _d1225 |
||